Affordable housing supply (Record no. 111368)

MARC details
000 -LEADER
fixed length control field 01458cad a22002655a 4500
001 - CONTROL NUMBER
control field L151443
008 - FIXED-LENGTH DATA ELEMENTS--GENERAL INFORMATION
fixed length control field 101105e20101028xxkd f s f000 0 eng d
035 ## - SYSTEM CONTROL NUMBER
System control number (Sirsi) u151443
041 0# - LANGUAGE CODE
Language code of text/sound track or separate title eng
050 04 - LIBRARY OF CONGRESS CALL NUMBER
Classification number 333.338 $2 18
110 1# - MAIN ENTRY--CORPORATE NAME
Corporate name or jurisdiction name as entry element United Kingdom
Subordinate unit Department for Communities and Local Government
9 (RLIN) 4939
245 00 - TITLE STATEMENT
Title Affordable housing supply
Remainder of title England, 2009-2010
Medium [electronic resource]
260 ## - PUBLICATION, DISTRIBUTION, ETC.
Place of publication, distribution, etc. London
Name of publisher, distributor, etc. DCLG
Date of publication, distribution, etc. 2010
490 #0 - SERIES STATEMENT
Series statement DCLG Housing Statistical Release
Volume/sequential designation 28 October 2020
505 2# - FORMATTED CONTENTS NOTE
Formatted contents note National trends -- Low cost home ownership -- New build and acquisitions -- Regional trends -- Accompanying tables -- Uses of data -- Data sources -- Data quality - Related statistics -- Revisions policy -- Definitions -- User consultation -- Enquiries
520 ## - SUMMARY, ETC.
Summary, etc. Affordable housing supply in England in 2009-2010. 57 730 gross new affordable homes in England with 33 120 for social rent and 24 610 through intermediate housing schemes including shared ownership and shared equity. Regional affordable housing statistics available.
521 ## - TARGET AUDIENCE NOTE
Target audience note Advanced
590 ## - LOCAL NOTE (RLIN)
Local note KA NTK
650 24 - SUBJECT ADDED ENTRY--TOPICAL TERM
Topical term or geographic name entry element DCLG NET HOUSING SUPPLY
651 #4 - SUBJECT ADDED ENTRY--GEOGRAPHIC NAME
Geographic name United Kingdom
Chronological subdivision
690 ## - LOCAL SUBJECT ADDED ENTRY--TOPICAL TERM (OCLC, RLIN)
Topical term or geographic name as entry element PROPERTY-RESIDENTIAL PROPERTY-DOMESTIC RESIDENTIAL PROPERTY-HOUSING
690 ## - LOCAL SUBJECT ADDED ENTRY--TOPICAL TERM (OCLC, RLIN)
Topical term or geographic name as entry element BUILT ENVIRONMENT-CONSTRUCTION MARKET
856 40 - ELECTRONIC LOCATION AND ACCESS
Uniform Resource Identifier <a href="https://www.communities.gov.uk/documents/statistics/pdf/1752505.pdf">https://www.communities.gov.uk/documents/statistics/pdf/1752505.pdf</a>
Public note View the item free of charge at www.communities.gov.uk.
942 ## - ADDED ENTRY ELEMENTS (KOHA)
Suppress in OPAC 0
Holdings
Withdrawn status Lost status Source of classification or shelving scheme Damaged status Not for loan Home library Current library Shelving location Date acquired Total Checkouts Full call number Barcode Date last seen Copy number Price effective from Koha item type
    Dewey Decimal Classification     Virtual Virtual Online 05/11/2010   ONLINE PUBLICATION 151443-2001 06/08/2019 1 06/08/2019 Book